1207 1110 1159 1236 1933 1913 1388 1850 1200 1496 1163 1406 1396 1473 1931 1580 1398 1694 1674 1907 1753 1293 1655 1499 1055 1047 1806 1404 1491 1555 1749 1559 1825 1704 1182 1105 1429 1075 1540 1939 1570 1814 1441 1577 1094 1354 1266 1990 1165 1589 1304 1283 1092 1816 1933 1228 1742 1879 1259 1115 1587 1195 1382 1945 1880 1896 1227 1916 1538 1952 1487 1974 1221 1412 1307 1833 1998 1749 1214 1928 1226 1277 1002 1774 1925 1010 1906 1641 1837 1607 1582 1039 1469 1959 1481 1777 1710 1161 1247 BCNSPRNW ULIB Ver.6.0+V

เปลี่ยนเป็นภาษาไทย

Change to English
 แสดงรายละเอียดบรรณานุกรม
  กลับหน้าหลัก

Brief Record : Get Marc (ISO 2709) : E-mail record : QR code < ปิดหน้าต่าง
LEADER : 00000nam 2200000uu 4500
001    13399111195
003     ULIB
008    110620s2002||||th 000 0 eng d
020    0130939501
024    9780130939500
060 04 WY193^bP982n 2002
100 1  Pulliam, JoLynn
245 04 The nursing assistant :^bacute, sub-acute and long-termcare /^cJoLynn Pulliam
250    3th ed.
260    Upper Saddle River, N.J. : ^bPearson/Prentice Hall,^c2002
300    xxv, 390 p. :^bill., ports. ;^c30 cm. +^e1 computeroptical disc.
504    Includes index
650  2 Acute Disease^xnursing
650  2 Long-Term Care^xtherapy
650  2 Subacute Care^xmethods
650  2 Nurses Aides
945    ^p1095^l0^i015782
995    Kesorn
999 ^a ใช้งานได้ทุกระบบ
รายการนี้ยังไม่มีแท็ก
คุณยังไม่ได้ล็อกอิน คุณสามารถมีกิจกรรมร่วมกับเว็บไซต์ได้ แต่ต้องล็อกอินก่อน ::
  ล็อกอิน

รายการสื่อสารสนเทศ

ลำดับที่ ประเภท เลขเรียก/บาร์โค้ด สถานที่ สถานะ
- ไม่พบข้อมูล -

รายการใกล้เคียง
    หัวเรื่อง [Nurses Aides]

BibComment


ยังไม่เคยถูกคอมเมนท์

คอมเมนท์ทรัพยากรรายการนี้
  คอมเมนท์: The nursing assis..


 Copyright 2026. Bcnsprnw @Library